Normal view
MARC view
Entry Personal Name
001 - CONTROL NUMBER
- control field: 18765
003 - CONTROL NUMBER IDENTIFIER
- control field: dpl
005 - DATE AND TIME OF LATEST TRANSACTION
- control field: 20100907151314.0
008 - FIXED-LENGTH DATA ELEMENTS
- fixed length control field: 100907|||a|||||| | ||| d
040 ## - CATALOGING SOURCE
- Original cataloging agency: dpl
- Transcribing agency: dpl
100 ## - HEADING--PERSONAL NAME
- Personal name: Ravi
670 ## - SOURCE DATA FOUND
- Source citation: Work cat.: (dpl)44188: Mohd Rafi 18698, Yeh rastey hai pyaar ke /
670 ## - SOURCE DATA FOUND
- Source citation: Work cat.: (dpl)44188: Mohd Rafi 18698, Yeh rastey hai pyaar ke /
